<?xml version="1.0" encoding="UTF-8"?>
<record
    xmlns:xsi="http://www.w3.org/2001/XMLSchema-instance"
    xsi:schemaLocation="http://www.loc.gov/MARC21/slim http://www.loc.gov/standards/marcxml/schema/MARC21slim.xsd"
    xmlns="http://www.loc.gov/MARC21/slim">

  <leader>01675nam a22003017a 4500</leader>
  <controlfield tag="003">OSt</controlfield>
  <controlfield tag="005">20210114092558.0</controlfield>
  <controlfield tag="007">ta</controlfield>
  <controlfield tag="008">210114e2008    dr ||||| |||| 001 0desp d</controlfield>
  <datafield tag="040" ind1=" " ind2=" ">
    <subfield code="a">DO-SdBNP</subfield>
    <subfield code="b">spa</subfield>
    <subfield code="c">BNPHU</subfield>
  </datafield>
  <datafield tag="041" ind1=" " ind2=" ">
    <subfield code="h">spa</subfield>
  </datafield>
  <datafield tag="082" ind1=" " ind2=" ">
    <subfield code="a">BNPHU- xxxx</subfield>
    <subfield code="b">M394h</subfield>
  </datafield>
  <datafield tag="100" ind1=" " ind2=" ">
    <subfield code="a">Masalles , Victor,</subfield>
    <subfield code="d">1961.</subfield>
    <subfield code="9">77685</subfield>
  </datafield>
  <datafield tag="245" ind1="1" ind2="0">
    <subfield code="a">Hacia una espiritualidad de encarnaci&#xF3;n e inserci&#xF3;n :</subfield>
    <subfield code="b">implicaciones para el presbiterado en Am&#xE9;rica Latina /</subfield>
    <subfield code="c">V&#xED;ctor Masalles.</subfield>
  </datafield>
  <datafield tag="260" ind1=" " ind2=" ">
    <subfield code="a">Santo Domingo :</subfield>
    <subfield code="b">AA</subfield>
    <subfield code="c">2008</subfield>
  </datafield>
  <datafield tag="300" ind1=" " ind2=" ">
    <subfield code="a">128 pg.</subfield>
    <subfield code="c">21 cm</subfield>
  </datafield>
  <datafield tag="500" ind1=" " ind2=" ">
    <subfield code="a">Incluye datos biogr&#xE1;ficos del autor en parte posterior de la tapa.</subfield>
  </datafield>
  <datafield tag="500" ind1=" " ind2=" ">
    <subfield code="a">Incluye siglas de t&#xE9;minos</subfield>
  </datafield>
  <datafield tag="504" ind1=" " ind2=" ">
    <subfield code="a">Incluye bibliograf&#xED;a, pg. 121-126</subfield>
  </datafield>
  <datafield tag="505" ind1="1" ind2=" ">
    <subfield code="a">Introducci&#xF3;n.</subfield>
  </datafield>
  <datafield tag="505" ind1="1" ind2=" ">
    <subfield code="a">1. Una visi&#xF3;n de fe en los documentos del magisterio latiinoamericano.</subfield>
    <subfield code="t">1.1. una iglesia regional en camino a la madurez.
1.2. una iglesia madura que analiza y se pronuncia.
1.3. desaf&#xED;os pastorales que se desprenden de los documentos del CELAM.</subfield>
  </datafield>
  <datafield tag="505" ind1="1" ind2=" ">
    <subfield code="a">2. Modelo de vida cristiana que se desprende de los documentos del magisterio de A.I.</subfield>
    <subfield code="t">2.1. Jes&#xFA;s de Nazaret: clave &#xFA;ltima de interpretaci&#xF3;n.
2.2. La iglesia : prolongaci&#xF3;n de la misi&#xF3;n de Jes&#xFA;s.
2.3. Modelo de vida cristiana que se desprende de los documentos del magisterio de A.I.</subfield>
  </datafield>
  <datafield tag="505" ind1="1" ind2=" ">
    <subfield code="a">3. Rasgos e implicaciones para una espiritualidad presbiteral en Am&#xE9;rica Latino.</subfield>
    <subfield code="t">3.1. El presb&#xED;tero en la misi&#xF3;n de la iglesia en A.I.
3.2. Triple funci&#xF3;n del Sacerdote.
3.3. Hacia un concepto de santidad presbiteral en A.I.</subfield>
  </datafield>
  <datafield tag="505" ind1="1" ind2=" ">
    <subfield code="a">Conclusi&#xF3;n.

</subfield>
  </datafield>
  <datafield tag="505" ind1="1" ind2=" ">
    <subfield code="a">Bibliograf&#xED;a.</subfield>
  </datafield>
  <datafield tag="505" ind1="1" ind2=" ">
    <subfield code="a">Siglas.</subfield>
  </datafield>
  <datafield tag="942" ind1=" " ind2=" ">
    <subfield code="2">ddc</subfield>
    <subfield code="c">LBS1</subfield>
  </datafield>
  <datafield tag="952" ind1=" " ind2=" ">
    <subfield code="0">0</subfield>
    <subfield code="1">0</subfield>
    <subfield code="2">ddc</subfield>
    <subfield code="7">1</subfield>
    <subfield code="8">PD</subfield>
    <subfield code="a">BNPHU</subfield>
    <subfield code="b">PD</subfield>
    <subfield code="c">HD</subfield>
    <subfield code="d">2020-10-30</subfield>
    <subfield code="e">Dep&#xF3;sito legal</subfield>
    <subfield code="l">0</subfield>
    <subfield code="o">BNPHU- xxxx M394h</subfield>
    <subfield code="p">2021-0091</subfield>
    <subfield code="r">2021-01-14</subfield>
    <subfield code="w">2021-01-14</subfield>
    <subfield code="y">LFPD</subfield>
  </datafield>
  <datafield tag="999" ind1=" " ind2=" ">
    <subfield code="c">49325</subfield>
    <subfield code="d">49325</subfield>
  </datafield>
</record>
